000 01865nam a2200361 c 4500
003 BLK
005 20180422111934.0
008 180409b bul|||||r ||||||| ||bul||
010 _aKNG00141947000
040 _aBLK
041 _aBUL
_cBUL
080 _aМислене. Представа - Абстракция. Подбор. Сравнение. Размисъл. Преценка. Мнение. Умозаключение. Индукция. Дедукция. Евристика. Мислене и говорене. Рефлексия (психол.)
_b159.955
_x
_z159.955
080 _aЛогика на съжденията
_b164.1
_x
_z164.1
100 1 _aИвин, Александър Архипович
_eпърви автор
_971884
700 1 _aГригорова, Венедикта
_eпрев. от рус.
_9371775
139 _aИвин, Александър Архипович
_bИ 27
245 1 0 _aИзкуството да мислим правилно
_bНауч.-попул. четиво за ученици
_cАлександър Архипович Ивин; прев. от рус. Венедикта Григорова.
257 _aSUN
260 София
_bНар. просв.
_c1989
_fХасково : Ат. Стратиев
300 _a192 с.
_c20 см
380 _a1
500 _aОриг. загл. Искусство правильно мыслить / А. А. Ивин. - Без тир.
650 4 _aМислене - психология
_9251239
650 4 _aЛогика
_9160748
653 _aмислене
653 _aлогическо мислене
653 _aпсихология
852 _aЦб 159996
856 4 _qpdf
_u
856 4 _qpdf
_u
942 _cKNG
_n0
944 _aCR
_c12.04.2013
_l12.04.2013 - от С1,Р / 12.04.2013
_kРадостина_Карадакова
944 _aED
_c12.04.2013
_l12.04.2013 - от С1,Р / 12.04.2013
_k
999 _c136012
_d136012